00781nam a2200217Ia 4500003000900000008004100009020001800050040001600068080001800084245011400102260004300216300001300259650004100272650002700313650001800340650001400358700003500372942000700407999001500414952013400429IN-BaIIA211028s9999 xx 000 0 eng d a90-277-1861-X cIIA Library a523.92bSTU-2 0aPhysics of the Sunbvol. 2, the solar interiorcedited by Peter A Sturrock  aDordrecht,bD. Reidel Publishingc1986 ax, 385p. aAstronomy and astrophysics thesaurus aSolar - interior98516 aSolar physics aSun91200 aSturrock, Peter A., ed.911889 cBK c8699d8699 00104070aBANbBANcGENd1986-06-05g612.00l1o523.92/ STU-2p9574r2026-01-23s2026-01-23v612.00w1986-06-05yBKGRs. 612.00